Violencia contra niños
Guardado en:
| Autor principal: | |
|---|---|
| Formato: | Libro |
| Lenguaje: | español |
| Publicado: |
Barcelona
Ariel
2002
|
| Edición: | 2a. ed |
| Colección: | Estudios sobre Violencia, 2
|
| Materias: | |
| Etiquetas: |
Agregar Etiqueta
Sin Etiquetas, Sea el primero en etiquetar este registro!
|
MARC
| LEADER | 00000nam a2200000 a 4500 | ||
|---|---|---|---|
| 001 | UCM7790 | ||
| 003 | CL-VaPUC | ||
| 008 | 030110e20020000SP |||||||||||||||||spa|d | ||
| 082 | 0 | 4 | |a 306.87 |b SAN |2 21 |
| 100 | 0 | |a Sanmartín, José |e author |9 473416 | |
| 245 | 1 | 0 | |a Violencia contra niños |
| 250 | |a 2a. ed | ||
| 300 | |a 222 p | ||
| 942 | |c BK | ||
| 945 | |d 20030110 00:00:00 |a cmena | ||
| 260 | |a Barcelona |b Ariel |c 2002 | ||
| 650 | 0 | |a Violencia intrafamiliar |9 312986 | |
| 650 | 0 | |a Maltrato infantil |9 324690 | |
| 650 | 0 | |a Familias |9 255641 | |
| 583 | |a last modification |c 20030110 00:00:00 |k Rodrigo Vera | ||
| 490 | 0 | |a Estudios sobre Violencia, 2 | |
| 999 | |c 302460 |d 302458 | ||
| 952 | |0 0 |1 0 |4 0 |6 306_870000000000000_SAN_2002 |7 0 |8 A |9 363042 |a BIBEDU |b BIBEDU |d 2019-11-21 |i 3860566 |o 306.87 SAN 2002 |p 3860566 |r 2019-11-21 |w 2019-11-21 |y BK |k EPE | ||
| 952 | |0 0 |1 0 |4 0 |6 306_870000000000000_SAN_2002 |7 0 |8 A |9 363043 |a BIBEDU |b BIBEDU |d 2019-11-21 |i 3884791 |o 306.87 SAN 2002 |p 3884791 |r 2019-11-21 |w 2019-11-21 |y BK |k PSI | ||